000 00292nam a22001217a 4500
020 _a0596007248
082 _222
_a005.8
100 _aRistic, Ivan.
245 _aApache security /
260 _aCalfornia,
_bO'Reilly Media,
_cc2005.
300 _axxii, 369p. ;
_bill. ;
_c23 cm.
942 _2ddc
_cIT
999 _c2451
_d2451